EL compromiso temporal de la familia
Salvato in:
| Autore principale: | |
|---|---|
| Natura: | Libro |
| Lingua: | spagnolo |
| Pubblicazione: |
Barcelona
Nova Terra
1964
|
| Serie: | Colección Presencia, 16
|
| Soggetti: | |
| Tags: |
Aggiungi Tag
Nessun Tag, puoi essere il primo ad aggiungerne!!
|
MARC
| LEADER | 00000nam a2200000 a 4500 | ||
|---|---|---|---|
| 001 | UCL3933 | ||
| 003 | CL-VaPUC | ||
| 008 | 031219e19640000SP |||||||||||||||||spa|d | ||
| 082 | 0 | 4 | |a 248.4 |b BAR |2 21 |
| 100 | 0 | |a Barrau, Paul |e author |9 481364 | |
| 245 | 1 | 3 | |a EL compromiso temporal de la familia |
| 300 | |a 147 p | ||
| 942 | |c BK | ||
| 945 | |d 20031219 00:00:00 |a vberengu | ||
| 260 | |a Barcelona |b Nova Terra |c 1964 | ||
| 650 | 0 | |a Vida religiosa |9 257284 | |
| 650 | 0 | |a Vida cristiana |9 258753 | |
| 650 | 7 | |a MATRIMONIO |2 CL-VaPUC |9 481365 | |
| 583 | |a last modification |c 20031219 00:00:00 |k Rodrigo Vera | ||
| 490 | 0 | |a Colección Presencia, 16 | |
| 999 | |c 306898 |d 306896 | ||
| 952 | |0 0 |1 2 |4 0 |6 248_400000000000000_BAR_1964 |7 0 |8 A |9 372322 |a BIBTEO |b BIBTEO |d 2019-11-21 |i 2097702 |o 248.4 BAR 1964 |p 2097702 |r 2019-11-21 |w 2019-11-21 |x Descarte 2019 |y BK |k ICR | ||